000
00199 a2200097 4500
020
_a
0307602230
041
_a
eng
100
_a
walt disney productions
245
_a
mickeys chrismas carol
942
_c
K
999
_c
30289
_d
30287